000 00847cab a2200265 4500
001 ABS67591
008 040312n2004 000 0 eng u
035 _a(Sirsi) u125408
245 _aFocus 2: Cambridgeshire
260 _c2004
490 _aEstates Gazette
_v(0404) 28 February 2004, 83-101(8)
590 _aABS
650 _aCAMBRIDGESHIRE
650 _aPETERBOROUGH
650 _aCAMBRIDGE
650 _aIPSWICH
650 _aNORWICH
650 _aLEISURE MARKET
650 _aPROPERTY-COMMERCIAL PROPERTY-RETAIL PROPERTY-RETAIL PROPERTY MARKET
650 _aPROPERTY-COMMERCIAL PROPERTY-OFFICE PROPERTY-OFFICE PROPERTY MARKET
650 _aPROPERTY-COMMERCIAL PROPERTY-OFFICE PROPERTY-OFFICE PROPERTY MARKET
650 _aSCIENCE PARKS
690 _aPROPERTY-COMMERCIAL PROPERTY-COMMERCIAL PROPERTY MARKET
942 _n0
999 _c74264
_d74264